000 01484cam a22003851 4500
001 data
005 20260322212106.0
008 data
035 _a8256374
906 _a7
_bcbc
_coclcrpl
_du
_encip
_f19
_gy-gencatlg
010 _a 22004407
035 _9(DLC) 22004407
035 _a(OCoLC)6481228
040 _aDLC
_cOCl
_dDLC
042 _apremarc
050 0 0 _aKF9219
_b.W43 1857
100 1 _aWharton, Francis,
_d1820-1889.
245 0 2 _aA Treatise on the criminal law of the United States:
_bcomprising a general view of the criminal jurisprudence of the common and civil law, and a digest of the penal statutes of the general government, and of Massachusetts, New York, Pennsylvania, Virginia and Ohio;
_cwith the decisions on cases arising upon those statutes, by Francis Wharton.
250 _a4th and rev. ed.
260 _aPhiladelphia,
_bKay & brother,
_c1857.
300 _a61 p., 1 l., [73]-1252 p.
_c25 cm.
336 _atext
_btxt
_2rdacontent
337 _aunmediated
_bn
_2rdamedia
338 _avolume
_bnc
_2rdacarrier
650 0 _aCriminal law
_zUnited States.
650 0 _aCriminal law
_zMassachusetts.
650 0 _aCriminal law
_zNew York (State)
650 0 _aCriminal law
_zPennsylvania.
650 0 _aCriminal law
_zVirginia.
650 0 _aCriminal law
_zOhio.
985 _eOCLC REPLACEMENT cdsdistr
985 _gfcd cdsdistr
991 _bc-LL
_hKF9219
_i.W43 1857
_tCopy 1
_wOCLCREP
999 _c1561
_d1561